000 00893nam a22002177a 4500
010 _a1617CH-EN
020 _a9789383202959
_c175.00
035 _aB-643628-650
035 _aB-664675
037 _aDPL
_bBSB/Ven.
082 _aS
100 _aBronte, Emily
245 _aWuthering heights /
_cby Emily Bronte
260 _aNew Delhi
_bOm Kidz
_c2014
270 _a4379/4B, Prakash House, Ansari Road,
_bNew Delhi
_e110002
300 _a240p.:
_bill.
_c20cm(Hb)
490 _aOm Illustrated Classics
942 _2ddc
_cCH
_mBRO
_hS
999 _c100406
_d100406